Prognózy příjmů a výdajů státního rozpočtu

Nutnosť zostavovania prognóz pre príjmy a výdavky štátneho rozpočtu. Zostavujú sa ako strednodobé (3 roky), ročné, štvrťročné, mesačné a denné. Definícia základných pojmov.

Saved in:
Bibliographic Details
Main Author: Kochaníček, J.
Format: Book Chapter
Language:Czech
Subjects:
Tags: Add Tag
No Tags, Be the first to tag this record!

MARC

LEADER 00000naa a2200000 4500
001 r017845
005 20221208130645.0
041 0 |a cze 
044 |a CZ 
245 1 0 |a Prognózy příjmů a výdajů státního rozpočtu  |c J. Kochaníček 
520 |a Nutnosť zostavovania prognóz pre príjmy a výdavky štátneho rozpočtu. Zostavujú sa ako strednodobé (3 roky), ročné, štvrťročné, mesačné a denné. Definícia základných pojmov. 
610 2 0 |a rozpočet štátny 
610 2 0 |a príjmy rozpočtu štátneho 
610 2 0 |a výdavky rozpočtu štátneho 
610 2 0 |a prognózy 
610 2 0 |a pojmy 
610 2 0 |a financie verejné 
610 2 0 |a Česko 
100 1 |a Kochaníček, J.